MARC

LEADER 00000nas a2200000 a 4500
001 ssj0004226
003 WaSeSS
005 20200512172242.0
006 m d
007 cr n
008 050114c19939999dcuqr pss o 0 0eng c
010 |a  2005221959 
015 |a GBB411518  |2 bnb 
016 7 |a 2070139-1  |2 DE-600 
016 7 |a 014858975  |2 Uk 
022 |a 1759-8818  |y 1069-4404 
035 |a (WaSeSS)ssj0004226 
040 |a ATL  |b eng  |c ATL  |d OCL  |d MUQ  |d EYM  |d HUL  |d DLC  |d OCLCQ  |d AGL  |d OCLCF  |d OCLCO  |d OCLCQ  |d DEFHM  |d OCLCO  |d OCLCA  |d WT2  |d NLE  |d GILDS  |d OCLCO  |d OCLCQ  |d TOF  |d AU@  |d OCLCO  |d UKMGB  |d VT2  |d OCLCA  |d CEF  |d OCLCO  |d OCL  |d SFB  |d OCLCQ  |d OCLCO  |d WaSeSS 
042 |a pcc 
050 1 4 |a BL60 
070 0 |a BL60  |b .S626 
130 0 |a Sociology of religion (Online) 
245 1 0 |a Sociology of religion  |h [electronic resource]. 
260 |a Washington, D.C. :  |b Association for the Sociology of Religion,  |c ©1993- 
310 |a Quarterly 
362 0 |a Vol. 54, no. 1 (spring 1993)- 
500 |a Title from cover (ATLASerials, viewed Jan. 7, 2005). 
500 |a Place of publication varies. 
506 |a License restrictions may limit access. 
588 1 |a Vol. 74, no. 1 (spring 2013); viewed Apr. 4, 2013. 
650 0 |a Religion and sociology  |v Periodicals. 
650 6 |a Sociologie religieuse  |v Périodiques. 
650 7 |a Religion and sociology.  |2 fast  |0 (OCoLC)fst01093858 
650 7 |a Religionssoziologie  |2 gnd 
650 7 |a Zeitschrift  |2 gnd 
655 0 |a Electronic journals. 
710 2 |a Association for the Sociology of Religion. 
776 1 |t Sociology of religion  |x 1069-4404  |w (DLC) 93642782  |w (OCoLC)27909994 
780 0 0 |t Sociological analysis (Online)  |w (DLC) 2007234110  |w (OCoLC)61138057 
856 4 0 |z Full text available from Research Library: 01/01/1994 to 1 year ago  |u https://search.proquest.com/publication/35221